Statistics for Spanish Cities on a Map

Click here to take the quiz!

General Stats

  • This quiz has been taken 19 times
  • The average score is 11 of 15

Answers on the Map

Answers color-coded by a green-red scale on the quiz's map according to % correct below.
 

Answer Stats

Answer% Correct
Madrid
100%
Barcelona
94%
Bilbao
94%
Palma de Mallorca
88%
Seville
88%
Valencia
88%
Zaragoza
82%
Málaga
76%
Ceuta
71%
A Coruña
65%
Las Palmas
59%
Valladolid
59%
Murcia
53%
Pamplona
47%
Mérida
24%

Score Distribution

Percentile by Number Answered

Percent of People with Each Score

Your Score History

You have not taken this quiz